4 Decades of TV Show Premieres II Quiz Stats

 Plays Quiz Updated May 13, 2018

Challenge
Share
Tweet
Embed
Score 0/20 Timer 04:00
9 Plays Today
Question Answer Wrong Answers
Stranger Things 2010s
90.4%
1980s
1.8%
1990s
2.3%
2000s
3.8%
Orange is the New Black 2010s
87.1%
1980s
0.2%
1990s
0.4%
2000s
10.3%
ALF 1980s
86.2%
1990s
9.8%
2000s
1.5%
2010s
0.6%
The Golden Girls 1980s
84.4%
1990s
11.7%
2000s
1.6%
2010s
0.4%
How I Met Your Mother 2000s
83.6%
1980s
0.4%
1990s
5.5%
2010s
8.6%
The Office 2000s
83.3%
1980s
0.4%
1990s
10.2%
2010s
4.4%
Brooklyn Nine-Nine 2010s
82.5%
1980s
1.3%
1990s
3.4%
2000s
10.9%
Mr. Belvedere 1980s
82.2%
1990s
11.7%
2000s
2.8%
2010s
1.3%
Dawson's Creek 1990s
81.2%
1980s
6.5%
2000s
9.8%
2010s
0.5%
House M.D. 2000s
79.4%
1980s
1.6%
1990s
13.3%
2010s
3.8%
The Big Bang Theory 2000s
77.6%
1980s
0.2%
1990s
1.9%
2010s
18.6%
3rd Rock from the Sun 1990s
77.3%
1980s
10.5%
2000s
9.5%
2010s
0.7%
Everybody Loves Raymond 1990s
76.1%
1980s
4.1%
2000s
17.5%
2010s
0.4%
The Oprah Winfrey Show 1980s
69.1%
1990s
25.6%
2000s
3.2%
2010s
0.3%
Pokémon 1990s
67.3%
1980s
9.6%
2000s
18.4%
2010s
2.8%
Curb Your Enthusiasm 2000s
65.6%
1980s
3.8%
1990s
21.5%
2010s
7.1%
Married... with Children 1980s
65.1%
1990s
28.7%
2000s
3.5%
2010s
0.7%
Downton Abbey 2010s
59.5%
1980s
2.6%
1990s
3.5%
2000s
32.7%
Walker, Texas Ranger 1990s
54.9%
1980s
39.4%
2000s
3.2%
2010s
0.5%
Adventure Time 2010s
37.4%
1980s
16.3%
1990s
13.5%
2000s
30.7%

You're not logged in!

Compare scores with friends on all Sporcle quizzes.
Join for Free
OR
Log In

You Might Also Like...

Show Comments

Extras

Top Quizzes Today


Score Distribution

Your Account Isn't Verified!

In order to create a playlist on Sporcle, you need to verify the email address you used during registration. Go to your Sporcle Settings to finish the process.

Report this User

Report this user for behavior that violates our Community Guidelines.

Details: